000 00731nam a2200265Ia 4500
005 20260302115135.0
008 008 260114s9999 xx 000 0 eng d
020 _a9781683934806
037 _aTextbook
040 _aCRL
040 _beng
040 _cCRL
041 _2eng
041 _aeng
084 _qCRL
100 _aBarbara Brodman & James E. Doan
_91120365
245 4 _aThe Universal Vampire Origins and Evolution of a Legend
260 _bBloomsbury
260 _bFairleigh Dickinson University Press
260 _c2013
650 _aLiterary Studies
856 _uhttps://doi.org/10.5040/9781683934806?locatt=label:secondary_bloomsburyCollections
942 _cEBOOK
999 _c1685102
_d1685102